000
00335nam a2200145Ia 4500
005
20251222153618.0
008
251222s9999||||xx |||||||||||||| ||spa||
020
_a
8422690934
082
_a
823.914/P29
100
_a
Pausewang, Gudrum
245
0
_a
La Traidora
250
_a
1ra.ed.
264
_b
CĂrculo de Lectores
942
_c
LIB
999
_c
31861
_d
31861